Super Smash Bros. - ARMS Universe - Statistics

General Stats
  • This quiz has been taken 31 times
  • The average score is 9 of 12
Answer Stats
Hint Answer % Correct
Fighters Min Min
100%
Assist Trophies Spring Man
100%
Spirits Ribbon Girl
87%
Stages Spring Stadium
87%
Spirits Twintelle
87%
Spirits Ninjara
78%
Spirits Helix
74%
Spirits Max Brass
74%
Spirits Byte & Barq
65%
Spirits Master Mummy
65%
Spirits Mechanica
61%
Spirits Kid Cobra
48%
No matching quizzes found
Score Distribution
Percent of People with Each Score
Percentile by Number Answered
Your Score History
You have not taken this quiz